header

Who owns antiquity? (Record no. 118610)

MARC details
000 -LEADER
fixed length control field 01691nam a2200397 a 4500
100 1# - MAIN ENTRY--AUTHOR NAME
Personal name Cuno, James.
245 10 - TITLE STATEMENT
Title Who owns antiquity?
250 ## - EDITION STATEMENT
Edition statement [Pbk. ed.].
260 ## - PUBLICATION, DISTRIBUTION, ETC. (IMPRINT)
Place of publication Princeton, N.J. :
Name of publisher Princeton University Press,
Year of publication 2011.
300 ## - PHYSICAL DESCRIPTION
Number of Pages xxxvii, 244 p. :
Other physical details ill.
490 0# - SERIES STATEMENT
Series statement A Princeton University e-book
500 ## - GENERAL NOTE
General note Fourth printing, and first paperback printing, with a new afterword by the author, 2011.
General note Originally published 2008.
650 #0 - SUBJECT ADDED ENTRY--TOPICAL TERM
Topical Term Antiquities
Topical Term Cultural property.
Topical Term Cultural property
Topical Term Museums
Topical Term Museums
856 40 - ELECTRONIC LOCATION AND ACCESS
Uniform Resource Identifier http://site.ebrary.com/lib/rucke/Doc?id=10480681

No items available.

© 2026 Rongo University
Contact us: librarian | system librarian | Rongo university